|
|
|
|
| LEADER |
00000nab a2200000 a 4500 |
| 001 |
vtls008959033 |
| 003 |
SK-MaSNL |
| 005 |
20260303071032.0 |
| 008 |
070327 2006 xo m 000 0 slo |
| 015 |
|
|
|a SNBRB2007/03
|
| 038 |
|
|
|a KEKMK
|
| 040 |
|
|
|a KEKMK
|b slo
|c KEKMK
|e AACR2
|
| 041 |
|
|
|a slo
|
| 044 |
|
|
|a xo
|c SK
|
| 080 |
|
|
|a 82-93
|2 1997
|
| 100 |
1 |
|
|a Čápka, Ján,
|d 1932-
|4 aut
|9 116764
|
| 245 |
1 |
0 |
|a Deti v ZOO
|c Ján Čápka
|
| 650 |
0 |
7 |
|a literatúra pre deti a mládež
|2 kekmk
|9 21893
|
| 773 |
0 |
|
|t Superohník : časopis pre dievčatá a chlapcov ZŠ
|g Roč.11, č.7 marec(2006/2007), s.5
|x 0139-8911
|
| 852 |
|
|
|a KEKMK
|b KIS3G
|
| 958 |
|
|
|a DB
|
| 999 |
|
|
|c 1758024
|d 1759954
|